Retrouve les chansons de Aya Nakamura - Statistiques

Statistiques générales
  • Ce quiz a été pris 225 fois
    161 depuis la dernière actualisation
  • Le résultat moyen est 14 sur 21
Answers on the Grid
Answers color-coded by a green-red scale on the quiz's grid according to % correct below.
40%
Fly
Baby
Copines
Brisé
Melodrama
Soldat
Plus jamais
Daddy
Bad boy
Bobo
Jusqu'au bout
Coco Chanel
Jolie Nana
No Stress
Anissa
La Dot
Baddies
Parce que c'est toi
Dégaine
Hypé
Comportement
Super héros
Djadja
Doudou
SMS
Juste pour me souvenir
PS : Je t'aime
Pookie
Donne-moi le temps
 
Statistiques - réponses
Réponse % Correct
Copines
99%
40%
97%
Brisé
80%
Fly
80%
Soldat
78%
Baby
74%
Jolie Nana
66%
Daddy
64%
Pookie
64%
Comportement
62%
Djadja
62%
La Dot
62%
Baddies
59%
Doudou
59%
No Stress
57%
Dégaine
55%
Bobo
53%
Hypé
53%
Plus jamais
48%
Super héros
43%
SMS
42%
Aucun quiz correspondant
Distribution des résultats
% des personnes avec chaque résultat
Percentile par nombre de réponses
Votre historique - résultats
Vous n’avez pas pris ce quiz depuis la dernière actualisation